Science Quiz

Random Science or Astronomy Quiz

Which Terrestrial Planet? Quiz Stats

Quiz Updated Sep 7, 2017

Also try: What Planet...
Challenge
Share
Tweet
Embed
Score 0/40 Timer 06:00
2 Plays Today
Question Answer Wrong Answers
Which terrestrial planet shares its name with a chemical element? Mercury
91.8%
Venus
0.5%
Earth
0.9%
Mars
0.3%
Which terrestrial planet is the only one known to harbor life? Earth
91.8%
Mercury
0.5%
Venus
0.4%
Mars
1%
Which terrestrial planet is named for the Roman goddess of love and beauty? Venus
91%
Mercury
1.2%
Earth
0.5%
Mars
1%
Which terrestrial planet is the only one to have had a human on its surface? Earth
90.9%
Mercury
0.4%
Venus
0.3%
Mars
2%
Which terrestrial planet is known for its distinctive red color? Mars
90.5%
Mercury
1.5%
Venus
1.4%
Earth
0.1%
Which terrestrial planet shares its name with a candy company and its signature bar? Mars
90.3%
Mercury
1.7%
Venus
0.9%
Earth
0.4%
Which terrestrial planet is closest to the Sun? Mercury
90.2%
Venus
1.6%
Earth
0.7%
Mars
1.2%
Which terrestrial planet is the only one to have liquid water? Earth
89.9%
Mercury
0.7%
Venus
0.9%
Mars
2%
Which terrestrial planet is NOT named for a Roman god or goddess? Earth
89.9%
Mercury
2.1%
Venus
0.9%
Mars
0.8%
Which terrestrial planet shares its astronomical symbol with the 'female' biological symbol? Venus
89.3%
Mercury
1.7%
Earth
1.5%
Mars
1%
Which terrestrial planet was once believed to be the center of the Solar System, around which all other objects rotated? Earth
88.1%
Mercury
2%
Venus
1.8%
Mars
1.5%
Which terrestrial planet is named for the Roman god of war? Mars
87.1%
Mercury
4.1%
Venus
2%
Earth
0.4%
Which terrestrial planet shares its name with the former lead singer of Queen? Mercury
86.1%
Venus
4.6%
Earth
1.3%
Mars
1.7%
Which terrestrial planet shared its name with a Ford automobile line until 2011? Mercury
85.3%
Venus
4.8%
Earth
0.6%
Mars
2.8%
Which terrestrial planet is smallest? Mercury
85.2%
Venus
4.4%
Earth
1%
Mars
3%
Which terrestrial planet was the home planet of the extra-terrestrial invaders in H.G. Wells' 'The War of the Worlds?' Mars
84.9%
Mercury
1.8%
Venus
3.7%
Earth
3.1%
Which terrestrial planet has an orbital period (year) of approximately 365.25 Earth days? Earth
82.9%
Mercury
1.4%
Venus
4.8%
Mars
4.3%
Which terrestrial planet is currently hosting 'Opportunity' and 'Curiosity' on its surface? Mars
82.6%
Mercury
2.5%
Venus
3.8%
Earth
4.4%
Which terrestrial planet is named for the Roman messenger of the gods? Mercury
81.4%
Venus
3.8%
Earth
0.4%
Mars
7.8%
Which terrestrial planet has an orbital period (year) of approximately 88 Earth days? Mercury
80%
Venus
9%
Earth
0.4%
Mars
3.9%
Which terrestrial planet is home to Olympus Mons, the highest mountain on a planet in the Solar System? Mars
78.6%
Mercury
3.5%
Venus
9.8%
Earth
1.5%
Which terrestrial planet's surface features are primarily named for historical and mythological women? Venus
77.4%
Mercury
2.7%
Earth
2%
Mars
11.3%
Which terrestrial planet is known for its occasional massive dust storms which can cover the entire surface? Mars
76.4%
Mercury
4.7%
Venus
11.6%
Earth
0.7%
Which terrestrial planet shares its astronomical symbol with the 'male' biological symbol? Mars
75.2%
Mercury
11%
Venus
3.6%
Earth
3.8%
Which terrestrial planet is sometimes referred to with the adjective 'Terran?' Earth
74.8%
Mercury
3.5%
Venus
3.4%
Mars
11.6%
Which terrestrial planet has an orbital period (year) of approximately 686.9 Earth days? Mars
74.4%
Mercury
5.4%
Venus
13.2%
Earth
0.5%
Which terrestrial planet shares its name with a hit song by Shocking Blue and Bananarama? Venus
72.3%
Mercury
8.8%
Earth
4.8%
Mars
7.3%
Which terrestrial planet has two main moons, Phobos and Deimos? Mars
71.3%
Mercury
5.5%
Venus
16.6%
Earth
0.4%
Which terrestrial planet has virtually no atmosphere? Mercury
68.4%
Venus
8.2%
Earth
0.3%
Mars
16.5%
Which terrestrial planet owes its distinctive cloud cover to a runaway greenhouse effect? Venus
68.2%
Mercury
4.1%
Earth
17%
Mars
4.3%
Which terrestrial planet has a moon that is one-quarter the diameter of its planet (the largest in relation to its planet)? Earth
64.4%
Mercury
10.3%
Venus
8.1%
Mars
10.5%
Which terrestrial planet has the densest atmosphere? Venus
60.5%
Mercury
8.2%
Earth
20%
Mars
5%
Which terrestrial planet is also the name of one of the four classical elements? Earth
58.1%
Mercury
34%
Venus
0.7%
Mars
0.6%
Which terrestrial planet has the most extreme variances in temperature, varying between 100 K and 700 K based on location and time? Mercury
55.3%
Venus
23.7%
Earth
1.7%
Mars
12.8%
Which terrestrial planet rotates in the opposite direction of other planets? Venus
50.5%
Mercury
33.5%
Earth
4.5%
Mars
5.2%
Which terrestrial planet is sometimes referred to with the adjective 'Cytherean?' Venus
46.8%
Mercury
27.2%
Earth
5.2%
Mars
13.9%
Which terrestrial planet has the longest rotation period (243 days) of any planet in the Solar System? Venus
45.2%
Mercury
26.3%
Earth
1.2%
Mars
20.9%
Which terrestrial planet is the hottest in the Solar System, with a mean temperature of 735 K? Venus
43.1%
Mercury
47.8%
Earth
0.4%
Mars
2.3%
Which terrestrial planet was last visited by a satellite in 2015 (MESSENGER)? Mercury
32.2%
Venus
24.9%
Earth
0.7%
Mars
35.7%
Which terrestrial planet is the Solar System's densest (based on mean density)? Earth
26.7%
Mercury
35.2%
Venus
22.7%
Mars
9%

You're not logged in!

Compare scores with friends on all Sporcle quizzes.
Sign Up with Email
OR
Log In

You Might Also Like...

Show Comments

Extras

Top Quizzes Today


Score Distribution

Your Account Isn't Verified!

In order to create a playlist on Sporcle, you need to verify the email address you used during registration. Go to your Sporcle Settings to finish the process.

Report this User

Report this user for behavior that violates our Community Guidelines.

Details: